00354nam a2200133 4500020001900000082001800019100002400037245002200061260004500083300002600128500002000154650002400174700002200198 a97881131507810 a621.31042 SAR aSarma, Mulukutla S. aElectric machines aNew Delhi, IndiabCengage Learningc2009 axxiii, 694 p.bill. ; aIncludes index. aElectric machinery. aPathak, Mukesh K.